Química ambiental /

Exposición sobre la forma como actúan los principios químicos en el medio ambiente, organizada de la siguiente manera: 1. Introducción. 2. La atmósfera. 3. La corteza terrestre. 4. Los océanos y 5. Formación de recursos minerales en los sedimentos.

Zapisane w:
Opis bibliograficzny
Kolejni autorzy: Raiswell, R.W. (autor) (autor)
Format: Książka
Język:hiszpański
Wydane: Barcelona, España : Omega, 1983, c1983
Hasła przedmiotowe:
Etykiety: Dodaj etykietę
Nie ma etykietki, Dołącz pierwszą etykiete!

MARC

LEADER 00000nam^a2200000^a^4500
001 000126054
005 20250521000000.0
009 20260310094712.417
020 |a 84-282-0711-9 
037 |a Acervo ITESO - Biblioteca 
041 |a ESP 
082 |a 574. 192  |b QUI 
245 0 0 |a Química ambiental /  |c R.W. Raiswell... [et al.] ; tr. por Antonia Caritat. 
264 4 |a Barcelona, España :  |b Omega,  |c 1983, c1983 
300 |a VIII, 209 p. 
336 |a texto  |b txt  |2 rdacontenido 
337 |a sin mediación  |b n  |2 rdamedio 
338 |a volumen  |b nc  |2 rdasoporte 
500 |a Traducción de: Environmental Chemistry 
520 |a Exposición sobre la forma como actúan los principios químicos en el medio ambiente, organizada de la siguiente manera: 1. Introducción. 2. La atmósfera. 3. La corteza terrestre. 4. Los océanos y 5. Formación de recursos minerales en los sedimentos. 
649 |a XX 
650 |a Atmósfera 
650 |a Tierra 
650 |a Mar 
650 |a Minerales 
650 |a Recursos Naturales 
650 |a Sedimentación 
650 |a Medio Ambiente 
650 |a Bioquímica 
650 |a Química 
700 |a Raiswell, R.W.  |e (autor) 
910 |a Fondo General 
920 |a Impresos - Libros 
930 |a Colección General 
905 |a 101 
901 |a 0500058495  |b IT1  |c ACC  |u 20250521 
902 |a https://opac.biblio.iteso.mx/vufind/Record/000126054